000
00236 a2200109 4500
022
_a
0027-9358
028
_a
National Geographic Society
082
_a
070
090
_c
1481
_d
1481
245
_a
National Geographic
942
_a
SNS
_c
PER
_k
070
999
_c
30092
_d
30092